000 00534nam a22002057a 4500
999 _c442996
_d442996
003 UA-OsUOA
005 20191128094218.0
008 191128b un ||||| |||| 00| 0 ukr d
040 _aUA-OsUOA
_bukr
_cUA-OsUOA
_dUA-OsUOA
041 _aukr
080 _a821.161.1
090 _a821.161.1
_bХ45
100 _aХілл С
245 _aЯ в замку король
_bроман
_cСьюзен Хилл
260 _aКиїв
_bДніпро
_c1985
300 _a323 с.
650 _a821.161.1
942 _2udc
_cBK
955 _a3